Asymptotic Analysis of MMPP/M/1 Retrial Queueing System with Unreliable Server; Communications in Computer and Information Science; Vol. 1605 : Information Technologies and Mathematical Modelling. Queueing Theory and Applications ( ITMM 2021)

Библиографические подробности
Источник:Communications in Computer and Information Science.— .— Cham: Springer-Verlag
Vol. 1605 : Information Technologies and Mathematical Modelling. Queueing Theory and Applications ( ITMM 2021).— 2022.— P. 356-370
Главный автор: Voronina N. M. Natalia Mikhailovna
Автор-организация: National Research Tomsk Polytechnic University (570)
Другие авторы: Rozhkova S. V. Svetlana Vladimirovna, Fedorova E, A. Ekaterina Aleksandrovna
Примечания:Title screen
In this paper, we study a single-server retrial queueing system with arrival Markov Modulated Poisson Process and an exponential law of the service time on an unreliable server. If the server is idle, an arrival customer occupies it for the servicing. When the server is busy, a customer goes into the orbit and waits a random time distributed exponentially. It is assumed that the server is unreliable, so it may fail. The server’s repairing and working times are exponentially distributed. The method of asymptotic analysis is proposed to find the stationary distribution of the number of customers in the orbit. It is shown that the asymptotic probability distribution under the condition of a long delay has the Gaussian form with obtained parameters.
Текстовый файл
AM_Agreement
Язык:английский
Опубликовано: 2022
Предметы:
Online-ссылка:https://doi.org/10.1007/978-3-031-09331-9_28
Формат: Электронный ресурс Статья
Запись в KOHA:https://koha.lib.tpu.ru/cgi-bin/koha/opac-detail.pl?biblionumber=676158

MARC

LEADER 00000naa0a2200000 4500
001 676158
005 20241101104125.0
090 |a 676158 
100 |a 20241101d2022 k||y0engy50 ba 
101 0 |a eng 
102 |a DE 
135 |a drcn ---uucaa 
181 0 |a i   |b  e  
182 0 |a b 
183 0 |a cr  |2 RDAcarrier 
200 1 |a Asymptotic Analysis of MMPP/M/1 Retrial Queueing System with Unreliable Server  |f N. M. Voronina, S. V. Rozhkova, Ekaterina Fedorova  
203 |a Текст  |c электронный  |b визуальный 
283 |a online_resource  |2 RDAcarrier 
300 |a Title screen 
320 |a References: 20 tit. 
330 |a In this paper, we study a single-server retrial queueing system with arrival Markov Modulated Poisson Process and an exponential law of the service time on an unreliable server. If the server is idle, an arrival customer occupies it for the servicing. When the server is busy, a customer goes into the orbit and waits a random time distributed exponentially. It is assumed that the server is unreliable, so it may fail. The server’s repairing and working times are exponentially distributed. The method of asymptotic analysis is proposed to find the stationary distribution of the number of customers in the orbit. It is shown that the asymptotic probability distribution under the condition of a long delay has the Gaussian form with obtained parameters. 
336 |a Текстовый файл 
371 0 |a AM_Agreement 
461 1 |t Communications in Computer and Information Science  |c Cham  |n Springer-Verlag 
463 1 |t Vol. 1605 : Information Technologies and Mathematical Modelling. Queueing Theory and Applications ( ITMM 2021)  |o 20th International Conference, ITMM 2021, Named after A.F. Terpugov, Tomsk, Russia, December 1–5, 2021, Revised Selected Papers  |v P. 356-370  |d 2022 
610 1 |a Retrial queue 
610 1 |a Markov Modulated Poisson Process 
610 1 |a Asymptotic analysis 
610 1 |a Unreliable server 
610 1 |a Long delay 
610 1 |a электронный ресурс 
610 1 |a труды учёных ТПУ 
700 1 |a Voronina  |b N. M.  |c Specialist in the field of informatics and computer technology  |c Senior Lecturer of Tomsk Polytechnic University  |f 1980-  |g Natalia Mikhailovna  |9 22398 
701 1 |a Rozhkova  |b S. V.  |c mathematician  |c Professor of Tomsk Polytechnic University, Doctor of Physical and Mathematical Sciences  |f 1971-  |g Svetlana Vladimirovna  |9 17679 
701 1 |a Fedorova  |b E, A.  |g Ekaterina Aleksandrovna 
712 0 2 |a National Research Tomsk Polytechnic University  |9 27197  |4 570 
801 0 |a RU  |b 63413507  |c 20241024  |g RCR 
856 4 |u https://doi.org/10.1007/978-3-031-09331-9_28  |z https://doi.org/10.1007/978-3-031-09331-9_28 
942 |c CR